Autostrade e Province attraversate - Quiz n°1 - Statistics

Statistiche generali
  • Questo quiz è stato fatto 17 volte
  • Il punteggio medio è 21 su 30
Statistiche sulle risposte
Domanda Casella Select % Corretto
A3 Napoli-Salerno Napoli
100%
A3 Napoli-Salerno Benevento No
94%
A16 Autostrada dei Due Mari Caserta No
94%
A16 Autostrada dei Due Mari Foggia
94%
A16 Autostrada dei Due Mari Napoli
94%
A3 Napoli-Salerno Potenza No
94%
A3 Napoli-Salerno Salerno
94%
A8 Autostrada dei Laghi Bergamo No
88%
A3 Napoli-Salerno Caserta No
88%
A8 Autostrada dei Laghi Sondrio No
88%
A8 Autostrada dei Laghi Varese
88%
A24 Autostrada dei Parchi L'Aquila
82%
A24 Autostrada dei Parchi Viterbo No
82%
A3 Napoli-Salerno Avellino No
76%
A16 Autostrada dei Due Mari Avellino
76%
A24 Autostrada dei Parchi Roma
76%
A8 Autostrada dei Laghi Milano
71%
A24 Autostrada dei Parchi Chieti No
65%
A16 Autostrada dei Due Mari Barletta-Andria-Trani No
59%
A36 Pedemontana Lombarda Monza e Brianza
59%
A24 Autostrada dei Parchi Teramo
59%
A36 Pedemontana Lombarda Como
53%
A8 Autostrada dei Laghi Lecco No
53%
A24 Autostrada dei Parchi Rieti
53%
A36 Pedemontana Lombarda Brescia No
47%
A16 Autostrada dei Due Mari Benevento No
41%
A36 Pedemontana Lombarda Lecco No
41%
A36 Pedemontana Lombarda Varese
35%
A36 Pedemontana Lombarda Milano No
24%
A8 Autostrada dei Laghi Como No
18%
Nessun quiz corrispondente trovato
Distribuzione punteggi
Percentuale di utenti per punteggio
Percentile per numero di risposta
I tuoi punteggi nel tempo
Non hai fatto questo quiz